000 00522nam a22001577a 4500
003 NUST
082 _a621
100 _aHayat ,Arslan
_9122302
245 _aDesign and Development of a Camshaft Inspection Machine /
_cArslan Hayat
264 _aIslamabad:
_b SMME- NUST.
_c2021.
300 _a71p. ;
_bSoft Copy,
_c30cm.
650 _aMS Mechanical Engineering
_9119495
700 _aSupervisor : Dr Riaz Ahmed Mufti
_9122303
856 _uhttp://10.250.8.41:8080/xmlui/handle/123456789/23893
942 _2ddc
_cTHE
999 _c608808
_d608808